书目信息 |
| 题名: |
指数函数和对数函数
|
|
| 作者: | 徐美琴 , 许三保 编 | |
| 分册: | ||
| 出版信息: | 上海 上海教育出版社 1978 |
|
| 页数: | 109页 | |
| 开本: | 19cm | |
| 丛书名: | ||
| 单 册: | ||
| 中图分类: | O171 | |
| 科图分类: | ||
| 主题词: | 指数函数 , 对数函数 | |
| 电子资源: | ||
| ISBN: | ||
| 000 | 00642nam0 2200241 45 | |
| 001 | 0178005660 | |
| 005 | 20060818090324.42 | |
| 010 | @dCNY0.26 | |
| 091 | @aCN@b7150.1921 | |
| 100 | @a19950725d1978 em y0chiy0121 ea | |
| 101 | 0 | @achi |
| 102 | @aCN@b310000 | |
| 105 | @ay z 000yy | |
| 200 | 10 | @a指数函数和对数函数@Azhi shu han shu he dui shu han shu@f徐美琴,许三保编 |
| 210 | @a上海@c上海教育出版社@d1978 | |
| 215 | @a109页@d19cm | |
| 606 | @a指数函数 | |
| 606 | @a对数函数 | |
| 690 | @aO171@v3 | |
| 701 | 0 | @a徐美琴@Axu mei qin@4编 |
| 701 | 0 | @a许三保@Axu san bao@4编 |
| 801 | 0 | @aCN@bTSSF@c20060818 |
| 905 | @a10447@dO171@e117 | |
| 指数函数和对数函数/徐美琴,许三保编.-上海:上海教育出版社,1978 |
| 109页;19cm |
| ISBN :CNY0.26 |
| ● |
| 相关链接 |
|
|
|
|
正题名:指数函数和对数函数
索取号:O171/117
 
预约/预借
| 序号 | 登录号 | 条形码 | 馆藏地/架位号 | 状态 | 备注 |
| 1 | 0002717 | 001245263 | 第三借阅区/ [索取号:O171/117] | 在馆 | |
| 2 | 0468560 | 204685607 | 密集书库/ [索取号:O171/117] | 在馆 | |
| 3 | 0468571 | 204685714 | 密集书库/ [索取号:O171/117] | 在馆 | |
| 4 | 0468572 | 204685723 | 密集书库/ [索取号:O171/117] | 在馆 | |
| 5 | 0468585 | 204685858 | 密集书库/ [索取号:O171/117] | 在馆 |